[Event "MEX-ch (Women)"]
[Site "Mexico City"]
[Date "2023.11.11"]
[Round "8"]
[White "Gomez Camara, Sofia"]
[Black "Mendoza Recio, Josselyne"]
[Result "1/2-1/2"]
[WhiteElo "1513"]
[BlackElo "1573"]
[PlyCount "73"]
[EventDate "2023.11.07"]
[EventType "swiss"]
[EventRounds "9"]
[EventCountry "MEX"]
[SourceTitle "CB47_2023"]
[SourceDate "2023.11.22"]
[SourceVersion "1"]
[SourceVersionDate "2023.11.22"]
[SourceQuality "1"]

1. e4 e5 2. Nf3 Nc6 3. Bc4 Nf6 4. d3 Bc5 5. c3 d6 6. Bb3 a6 7. Nbd2 0-0 8. Nf1 Ba7 9. Ng3 h6 10. 0-0 Kh8 11. h3 Na5 12. Bc2 b5 13. b4 Nc6 14. Re1 d5 15. exd5 Nxd5 16. Bb2 Be6 17. Nxe5 Nxe5 18. Rxe5 Bxf2+ 19. Kh2 Bxg3+ 20. Kxg3 Qf6 21. Re4 Bf5 22. Rd4 Qe5+ 23. Kf2 Qe3+ 24. Kf1 Qxd4 25. cxd4 Ne3+ 26. Kf2 Nxd1+ 27. Rxd1 Be6 28. a3 a5 29. Bc3 a4 30. Rc1 Bd5 31. Bb2 c6 32. Bd1 Rfe8 33. Bg4 f5 34. Bf3 Bxf3 35. Kxf3 Re6 36. d5 cxd5 37. Rc5 1/2-1/2

[Event "MEX-ch (Women)"]
[Site "Mexico City"]
[Date "2023.11.08"]
[Round "2"]
[White "Bolanos Santoyo, Fernanda"]
[Black "Gomez Camara, Sofia"]
[Result "0-1"]
[WhiteElo "1218"]
[BlackElo "1513"]
[PlyCount "178"]
[EventDate "2023.11.07"]
[EventType "swiss"]
[EventRounds "9"]
[EventCountry "MEX"]
[SourceTitle "CB47_2023"]
[SourceDate "2023.11.22"]
[SourceVersion "1"]
[SourceVersionDate "2023.11.22"]
[SourceQuality "1"]

1. e4 Nf6 2. Nc3 d5 3. exd5 Nxd5 4. Nxd5 Qxd5 5. Nf3 Nc6 6. c3 Bg4 7. Be2 e5 8. h3 Bh5 9. 0-0 Be7 10. Re1 e4 11. Nh2 Bxe2 12. Qxe2 f5 13. f3 exf3 14. Nxf3 0-0-0 15. d4 Rhe8 16. Qe6+ Qxe6 17. Rxe6 Bf6 18. Rxe8 Rxe8 19. Bd2 a5 20. a4 h6 21. h4 Kd7 22. Kf2 b6 23. Bf4 Re4 24. g3 Ne7 25. h5 Nd5 26. Be5 Bxe5 27. Nxe5+ Ke6 28. Re1 Rxe1 29. Kxe1 Nf6 30. b4 Nxh5 31. Kf2 Nf6 32. bxa5 bxa5 33. c4 Ne4+ 34. Kf3 Nc3 35. Nc6 Nxa4 36. Nxa5 Nb6 37. Ke3 g5 38. d5+ Kd6 39. Kd4 Nd7 40. Nb3 c5+ 41. dxc6 Kxc6 42. Na5+ Kb6 43. Nb3 h5 44. Nd2 h4 45. gxh4 gxh4 46. Ke3 h3 47. Kf3 Ne5+ 48. Kg3 Kc5 49. Kxh3 Nxc4 50. Nf3 Kd5 51. Kg3 Ke4 52. Ng5+ Ke3 53. Ne6 Nd6 54. Kg2 Ne4 55. Kf1 Nd6 56. Kg2 Nb5 57. Kg3 Ke4 58. Ng5+ Ke5 59. Nf3+ Ke4 60. Ng5+ Ke3 61. Ne6 Nc3 62. Kg2 Ne2 63. Kf1 Nd4 64. Ng5 Nf3 65. Ne6 Nh4 66. Kg1 Ng6 67. Kh2 Nf4 68. Ng5 Nd3 69. Ne6 Nf4 70. Ng5 Kf2 71. Kh1 Kg3 72. Nf7 Nh3 73. Ne5 f4 74. Nc4 f3 75. Nd2 f2 76. Nf1+ Kf3 77. Nh2+ Ke2 78. Kg2 Ng1 79. Nf1 Nf3 80. Ng3+ Ke3 81. Nf1+ Ke2 82. Ng3+ Ke3 83. Nf1+ Ke2 84. Ng3+ Ke1 85. Nf1 Nh4+ 86. Kh1 Kxf1 87. Kh2 Ke2 88. Kh1 f1Q+ 89. Kh2 Qg2# 0-1

[Event "Wch U10 Girls"]
[Site "Pocos de Caldas"]
[Date "2017.08.28"]
[Round "8"]
[White "Gomez Camara, Sofia"]
[Black "Zakirova, Aisha"]
[Result "0-1"]
[WhiteElo "1136"]
[BlackElo "1458"]
[PlyCount "110"]
[EventDate "2017.08.22"]
[EventType "swiss"]
[EventRounds "11"]
[EventCountry "BRA"]
[SourceTitle "CBM 180 Extra"]
[Source "ChessBase"]
[SourceDate "2017.10.06"]
[SourceVersion "1"]
[SourceVersionDate "2017.10.06"]
[SourceQuality "1"]

1. e4 c5 2. Nf3 d6 3. d4 cxd4 4. Nxd4 Nf6 5. Nc3 a6 6. Bg5 e6 7. Qf3 Be7 8. 0-0-0 Nbd7 9. Bd3 Qc7 10. h4 b5 11. g3 Bb7 12. Qg2 Nc5 13. f3 0-0 14. h5 b4 15. Nce2 Qa5 16. Kb1 Nxd3 17. Rxd3 Qxg5 18. g4 a5 19. Rg1 Qc5 20. Nb3 Qb6 21. h6 g6 22. g5 Nd7 23. Nd2 Ba6 24. Nc4 Bxc4 25. Rdd1 Bxe2 26. Qxe2 a4 27. Qd3 Ne5 28. Qe2 b3 29. a3 bxc2+ 30. Qxc2 Rfc8 31. Qe2 Rab8 32. Rdf1 Nc4 33. Qf2 Qxb2+ 34. Qxb2 Rxb2+ 35. Ka1 Rb3 36. Rf2 Rcb8 37. Rc1 Rxa3+ 38. Ra2 Rxa2+ 39. Kxa2 d5 40. exd5 exd5 41. Rb1 Rxb1 42. Kxb1 Bxg5 43. f4 Bxf4 44. Kc2 a3 45. Kb3 g5 46. Ka2 g4 47. Kb3 g3 48. Kb4 g2 49. Kc5 g1Q+ 50. Kxd5 a2 51. Kxc4 a1Q 52. Kd5 Qad4+ 53. Kc6 Qc1+ 54. Kb5 Qcc5+ 55. Ka6 Qb6# 0-1

[Event "Wch U10 Girls"]
[Site "Pocos de Caldas"]
[Date "2017.08.23"]
[Round "3"]
[White "Artieda Berru, Ariadna Amely"]
[Black "Gomez Camara, Sofia"]
[Result "1-0"]
[WhiteElo "1454"]
[BlackElo "1136"]
[PlyCount "49"]
[EventDate "2017.08.22"]
[EventType "swiss"]
[EventRounds "11"]
[EventCountry "BRA"]
[SourceTitle "CBM 180 Extra"]
[Source "ChessBase"]
[SourceDate "2017.10.06"]
[SourceVersion "1"]
[SourceVersionDate "2017.10.06"]
[SourceQuality "1"]

1. e4 c5 2. Nc3 d6 3. g3 Nf6 4. Bg2 g6 5. Nge2 Bg7 6. d3 Nc6 7. 0-0 Bd7 8. h3 Qc7 9. Be3 0-0-0 10. Qd2 Be6 11. a3 Nd7 12. d4 cxd4 13. Nxd4 Nce5 14. Nxe6 fxe6 15. Nb5 Nc4 16. Qb4 Qa5 17. Qxc4+ Kb8 18. Qb4 Qxb4 19. axb4 Bxb2 20. Rxa7 Bg7 21. e5 d5 22. Rfa1 b6 23. Ra8+ Kb7 24. R1a7+ Kc6 25. Nd4# 1-0